शिक्षा : (Record no. 121409)

MARC details
000 -LEADER
fixed length control field 01215nam a22002657a 4500
005 - DATE AND TIME OF LATEST TRANSACTION
control field 20170124103214.0
010 ## - LIBRARY OF CONGRESS CONTROL NUMBER
LC control number B-185251
020 ## - INTERNATIONAL STANDARD BOOK NUMBER
Terms of availability 350.00
International Standard Book Number 8188684449
035 ## - SYSTEM CONTROL NUMBER
System control number B-185251
037 ## - SOURCE OF ACQUISITION
Source of stock number/acquisition Cen Lib/Ret
040 ## - CATALOGING SOURCE
Original cataloging agency DPL
Language of cataloging HN
082 ## - DEWEY DECIMAL CLASSIFICATION NUMBER
Classification number 370.11
Item number अस्थाना
100 ## - MAIN ENTRY--PERSONAL NAME
Personal name अस्थाना, ईश्वर शरण
9 (RLIN) 80571
245 ## - TITLE STATEMENT
Title शिक्षा :
Statement of responsibility, etc ईश्वर शरण अस्थाना
Remainder of title दशा एवं दिशा /
246 ## - VARYING FORM OF TITLE
Title proper/short title Shiksha : dasha evam disha /
Remainder of title by Ishawar Sharan Asthana
260 ## - PUBLICATION, DISTRIBUTION, ETC. (IMPRINT)
Place of publication, distribution, etc दिल्ली
Name of publisher, distributor, etc अकादमिक एक्सेलेन्स
Date of publication, distribution, etc 2005
270 ## - ADDRESS
Address 42, एकता अपार्टमेंट, गीता कॉलोनी
City दिल्ली
Postal code 110031
300 ## - PHYSICAL DESCRIPTION
Extent 129पृ.
Dimensions 21सेमी(सजिल्द)
500 ## - GENERAL NOTE
General note अनुक्रमणिका शामिल
650 ## - SUBJECT ADDED ENTRY--TOPICAL TERM
Topical term or geographic name as entry element शिक्षा और बालक
9 (RLIN) 5185
650 ## - SUBJECT ADDED ENTRY--TOPICAL TERM
Topical term or geographic name as entry element वर्तमान भारत और शिक्षा
9 (RLIN) 84811
650 ## - SUBJECT ADDED ENTRY--TOPICAL TERM
Topical term or geographic name as entry element Education and child
9 (RLIN) 97144
650 ## - SUBJECT ADDED ENTRY--TOPICAL TERM
Topical term or geographic name as entry element Present, India and Education
9 (RLIN) 97145
942 ## - ADDED ENTRY ELEMENTS (KOHA)
Source of classification or shelving scheme Dewey Decimal Classification
Koha item type Hindi Books
Classification part 370.11
Call number suffix अस्थाना
Holdings
Withdrawn status Lost status Damaged status Not for loan Home library Current library Date acquired Source of acquisition Cost, normal purchase price Total Checkouts Full call number Barcode Date last seen Date checked out Copy number Cost, replacement price Price effective from Koha item type
        Central Library Central Library 06/10/2015 Cen Lib/Ret 350.00 1 370.11 अस्थाना B-185251 22/10/2022 22/10/2022 1 350.00 06/10/2015 Hindi Books

© Delhi Public Library
Hit Counter
free hit counter